000 04063nam a22003977a 4500
005 20100910150449.0
010 _aHIN-90429 B-442625-636
020 _c95.00
_a9788128826115
035 _aHN-62775
035 _aB-442625-636
037 _bDBAD / PUB
037 _bआर.बी.सी.
082 _a158.1
100 _aगुप्ता, राकेश
_932960
245 _aसफल जीवन के रहस्य /
_cराकेश गुप्ता
246 _aSafal jivan ke rahasya
_bby Rakesh Gupta
260 _aनई दिल्ली
_bडायमंड पॉकेट बुक्स
_c2010
270 _aX-30, ओखला इंडस्ट्रियल एरिया, फेज-11
_bनई दिल्ली
_e110020
_k011 41611861
_l011 41611866
_mrg@sadhna.com
300 _a144पृ.
_c22सेमी (अजिल्द)
700 _919359
942 _2ddc
_cHN
_h158.1
_mगुप्तारा
999 _c45248
_d45248